000 01085cam a2200229 4500
001 ABS62459
008 000000n2000 000 0 eng u
035 _a(Sirsi) u106421
100 _aBingham, T.
245 _aGet back on the field, ref
260 _c2000
490 _aBuilding
_v265(8138) 26 May 2000, 51(1)
520 _aDiscusses an adjudicator's decision in "Bloor Constuction (UK) Ltd v Bowmer and Kirkland (London) Ltd". The adjudicator made a clerical error concerning the amount of money to be paid. He acknowledged the error and corrected the figures by the end of the day but Bloor claimed the correction was too late and went to the High Court to enforce. The judge decided that provided the parties do not expressly ban a slip rule in the contract, an adjudicator can correct an admitted accidental slip or omission.
590 _aABS
650 _aARBITRATORS
650 _aARBITRATION ACT 1996
650 _aSLIP RULE
650 _aSCHEME FOR CONSTRUCTION CONTRACTS
650 _aIMPLIED TERMS
690 _aDispute resolution
_96236
942 _n0
999 _c63740
_d63740